地獄滅佛

資料類型: Book 圖書   書目號:47705

Leader xxxxxxxxxx
001 __ PCLIS00047005
005 __ 20211109095058.0
009 __ |a(CIP)103012441
010 0_ |a978-986-5706-25-8|b平裝|dNT$230
100 __ |a20141210d2014    m  y0chiy09      e
101 0_ |achi
102 __ |atw
105 __ |ay   z   000ay
200 1_ |a地獄滅佛|fDiv(另一種聲音)著
205 __ |a初版
210 __ |a臺北市|c春天出版|a新北市新店區|c楨德圖書總經銷|d2014[民103]
215 0_ |a255面|d21公分
225 2_ |a地獄系列|i第十二部|h12
225 1_ |a奇幻次元|v29
300 __ |a地獄系列第十二部
410 _0 |12001 |a奇幻次元|v29
461 _1 |12001 |a地獄系列|v12
681 __ |a857.7|b8726
700 _0 |a另一種聲音|c(Div)|f1978- 4著
801 _0 |atw|b內湖高中|c20141210|gCCR
詳細館藏(共 1 筆)
索 書 號登 錄 號冊次號館別 / 館藏地流通類型狀態加入預約清單電子資源
857.7 / 8726 1022113 v.12 圖書館 / 一樓普通區 可外借30天 在館   

| 條列資料




目錄查詢 分類查詢 個人資料 圖書薦購 新書查詢 閉館日 排行榜 更多電子資源 Hami書城 線上資料庫 登出

From : 216.73.217.52

  本日流通累計至 02:11:51 借閱 : 0 次 續借 : 0 次 歸還 : 0 次 預約 : 0 次 電子資源 : 0 次


內湖高中圖書館  PCLIS 版本  26.5.0.12